POWER CAPITALIST SOCIETY THEOTY EXPLANATIONS AD CASE (Record no. 18293)
[ view plain ]
| 000 -LEADER | |
|---|---|
| fixed length control field | 00322nam a22001337a 4500 |
| 008 - FIXED-LENGTH DATA ELEMENTS--GENERAL INFORMATION | |
| fixed length control field | 170620b xxu||||| |||| 00| 0 eng d |
| 020 ## - INTERNATIONAL STANDARD BOOK NUMBER | |
| International Standard Book Number | 0312634099 |
| 041 ## - LANGUAGE CODE | |
| Language code of text/sound track or separate title | eng |
| 080 ## - UNIVERSAL DECIMAL CLASSIFICATION NUMBER | |
| Universal Decimal Classification number | 323 |
| 100 ## - Rafti | |
| Rafti | 20 |
| 101 ## - Shkurtesa | |
| Shkurtesa | SJP |
| 245 ## - TITLE STATEMENT | |
| Title | POWER CAPITALIST SOCIETY THEOTY EXPLANATIONS AD CASE |
| Statement of responsibility, etc | COX.A |
| 942 ## - ADDED ENTRY ELEMENTS (KOHA) | |
| Source of classification or shelving scheme | |
| Item type | Books |
No items available.